[Event "WJun Girls"]
[Site "Instanbul TUR"]
[Date "2005.11.17"]
[Round "8"]
[White "Gu Xiaobing"]
[Black "Pogonina,N"]
[Result "1/2-1/2"]
[WhiteElo "2330"]
[BlackElo "2401"]

1.e4 c5 2.Nc3 Nc6 3.Bb5 Nd4 4.Bc4 e6 5.Nge2 a6 6.a4 Nf6 7.d3 d5 8.exd5 exd5
9.Ba2 Nxe2 10.Qxe2+ Be7 11.O-O O-O 12.Nxd5 Nxd5 13.Bxd5 Qxd5 14.Qxe7 Bf5
15.Re1 f6 16.Bf4 Rad8 17.b3 Qc6 18.Qc7 Qxc7 19.Bxc7 Rc8 20.Bb6 Kf7 21.f3 h5
22.h4 Rfe8 23.Kf2 Re6 24.a5 Ke7 25.Kg3 Rxe1 26.Rxe1+ Kd6 27.Kf4 Bg6 28.g4 Re8
29.Rg1 Re2 30.gxh5 Bxh5 31.Rxg7 Rxc2 32.Rh7 Bg6 33.Rh8 Ke6 34.h5 Rh2 35.h6 Bxd3
36.Bxc5 Bg6 37.b4 Rh5 38.Kg3 Rg5+ 39.Kf2 Rh5 40.Be3 Rd5 41.Rg8 Bd3 42.Bc5 Rd7
43.Ke3 Bb1 44.Bd4 Rh7 45.Rg1 Bc2 46.Rh1 Kf5 47.Kd2 Ba4 48.Be3 Bc6 49.Rh3 Rd7+
50.Kc3 Kg6 51.Rg3+ Kh7 52.Kc4 Re7 53.Bc5 Rf7 54.Be3 Re7 55.Bf4 Rd7 56.Kc5 Rd5+
57.Kb6 Rb5+ 58.Kc7 Rxb4 59.Bd2 Rc4 60.Kb6 Rh4 61.Be3 Kh8 62.Bd2 Rh5 63.Rg6 Rf5
64.Rxf6  1/2-1/2

[Event "WJun Girls"]
[Site "Instanbul TUR"]
[Date "2005.11.17"]
[Round "8"]
[White "Bensdorp,L"]
[Black "Paridar,S"]
[Result "0-1"]
[WhiteElo "2090"]
[BlackElo "2237"]

1.e4 c5 2.Nf3 Nc6 3.Nc3 e6 4.g3 d5 5.exd5 exd5 6.d4 Nf6 7.Bg2 Bg4 8.Ne2 cxd4
9.Nexd4 Bc5 10.Nb3 Bb6 11.O-O Ne4 12.Qe1 O-O 13.Be3 Qf6 14.Bxb6 Bxf3 15.Bxf3 Qxf3
16.Qe3 Qh5 17.Bd4 Rae8 18.Qf4 Ng5 19.Kg2 Re4 20.Qf5 Ne7 21.Qd7 Qf3+ 22.Kg1 Nf5  0-1

[Event "WJun"]
[Site "Instanbul TUR"]
[Date "2005.11.17"]
[Round "8"]
[White "Gopal,G"]
[Black "Grecescu,G"]
[Result "1-0"]
[WhiteElo "2327"]
[BlackElo "2380"]

1.e4 c5 2.Nf3 Nc6 3.Nc3 g6 4.Bb5 Bg7 5.Bxc6 bxc6 6.O-O d6 7.d3 e5 8.a3 a5
9.Ne1 Nf6 10.f4 exf4 11.Bxf4 Nh5 12.Be3 Bd4 13.Qd2 O-O 14.Nf3 Bxe3+ 15.Qxe3 f6
16.Rad1 Qe7 17.h3 Ng7 18.Rfe1 Bb7 19.a4 Rae8 20.Qd2 Qc7 21.Kh1 Ne6 22.Rf1 Nd4
23.Ne2 Nxe2 24.Qxe2 d5 25.Qe3 c4 26.Qc5 cxd3 27.exd5 dxc2 28.Qxc2 Qd7 29.d6 Re6
30.Qc4 Kg7 31.Qc5 Re2 32.Rfe1 Rfe8 33.Rxe2 Rxe2 34.b3 Re6 35.Kg1 Kf7 36.Rd2 Qd8
37.Qa7 Qd7 38.Qc5 Qd8 39.Kh2 Bc8 40.Qxc6 Bd7 41.Qb7 Ke8 42.b4 axb4 43.Qxb4 Bc6
44.a5 Qa8 45.Nd4 Re4 46.Nxc6 Rxb4 47.d7+ Kf7 48.Nxb4 Qb8+ 49.g3  1-0

[Event "WJun"]
[Site "Instanbul TUR"]
[Date "2005.11.18"]
[Round "9"]
[White "Bartel,Mat"]
[Black "Terrieux,K"]
[Result "1-0"]
[WhiteElo "2513"]
[BlackElo "2365"]

1.e4 c5 2.Nf3 Nc6 3.Nc3 e5 4.Bc4 Be7 5.Ne2 Nf6 6.Ng3 O-O 7.d3 d5 8.exd5 Nxd5
9.O-O Kh8 10.Re1 f6 11.c3 Nc7 12.Qe2 Na5 13.d4 Nxc4 14.Qxc4 Be6 15.Qe2 cxd4
16.cxd4 exd4 17.Bf4 Bd6 18.Nxd4 Bxf4 19.Nxe6 Nxe6 20.Qxe6 Bxg3 21.hxg3 h6
22.Rad1 Qb6 23.Qxb6 axb6 24.a3 Rfd8 25.Rxd8+ Rxd8 26.Re6 Rd1+ 27.Kh2 Kg8
28.Rxb6 Rd7 29.g4 Kf7 30.Kg3 Ke7 31.Kf4 Kd8 32.Kf5 Kc7 33.Rb4 Rd5+ 34.Kg6 Rg5+
35.Kf7 f5 36.f3 h5 37.gxf5 Rxg2 38.Rh4 Rg5 39.Ke6 b5 40.f4 Rg4 41.Rxh5 Rxf4
42.Rg5 Re4+ 43.Kf7  1-0

[Event "WJun"]
[Site "Instanbul TUR"]
[Date "2005.11.19"]
[Round "10"]
[White "Predojevic,B"]
[Black "Rau,H"]
[Result "1/2-1/2"]
[WhiteElo "2558"]
[BlackElo "2421"]

1.e4 c5 2.Ne2 Nc6 3.Nbc3 d6 4.d4 cxd4 5.Nxd4 Nf6 6.Bg5 e6 7.Bb5 Bd7 8.Ba4 a6
9.Nxc6 Bxc6 10.Bxc6+ bxc6 11.e5 Qa5 12.Bxf6 gxf6 13.exd6 Qe5+ 14.Qe2 Bxd6
15.O-O-O Qxe2 16.Nxe2 Bc5 17.f3 Rg8 18.g3 Rg5 19.f4 Rd5 20.c4 Rxd1+ 21.Rxd1 f5
22.Kc2 Rd8 23.Rxd8+ Kxd8 24.a3 h5 25.b4 Bf2 26.Kd2 Kd7 27.Nc1 Bg1 28.Ne2 Bf2
29.Nc1 f6 30.Ke2 Bg1 31.Kf3 e5 32.Ne2 Bb6 33.c5 Bc7 34.Ke3 Ke6 35.Kd3 Kd5
36.Nc3+ Ke6 37.Ke3 Bb8 38.Na4 Bc7 39.Nb6 Ke7 40.Nc4 Ke6 41.Kf3 Kd5 42.Ne3+ Ke6
43.Ng2 a5 44.Ke3 axb4 45.axb4 Kd5 46.Kd3 Bb8 47.Ne3+ Ke6 48.Ng2 Kd5 49.h3 Bc7
50.Ne3+ Ke6 51.Ng2 Kd5 52.Ne3+ Ke6 53.g4 hxg4 54.hxg4 exf4 55.gxf5+ Ke5 56.Nc4+ Kd5
57.Nb6+ Ke5 58.Nc4+ Kd5 59.Nb6+ Ke5 60.Nc8 Bd8 61.Ke2 Kd4 62.Kf3 Kc4 63.Na7 Kd5
64.Kxf4 Bc7+ 65.Kg4 Be5 66.Nc8 Kc4 67.Na7 Kd5 68.Nc8 Kc4 69.Ne7 Kb5 70.Kh5 Bc3
71.Kg6 Bxb4 72.Kxf6 Bxc5 73.Ke6 Bd4 74.Ng6 c5 75.Ne5 Bxe5 76.Kxe5 c4 77.Kd4 c3
78.Kxc3 Kc5 79.f6 Kd6 80.f7 Ke7 81.f8=Q+  1/2-1/2

[Event "WJun Girls"]
[Site "Instanbul TUR"]
[Date "2005.11.19"]
[Round "10"]
[White "Tilenbaeva,J"]
[Black "Nadig,K"]
[Result "0-1"]
[WhiteElo "2019"]
[BlackElo "2224"]

1.e4 c5 2.Nf3 Nc6 3.Nc3 e5 4.Bc4 Be7 5.d3 Nf6 6.Ng5 O-O 7.f4 exf4 8.Bxf4 d6
9.O-O h6 10.Nf3 Nd7 11.Qe1 Kh8 12.Qg3 Nb6 13.Nd5 Nxd5 14.Bxd5 Nb4 15.Bb3 a5
16.d4 a4 17.Bd5 Nxc2 18.dxc5 dxc5 19.Bc7 Qe8 20.Ne5 Nd4 21.Rae1 Ne6 22.Rf5 Bf6
23.Bd6 Bxe5 24.Qxe5 Rg8 25.Ref1 f6 26.Qc3 Nd4 27.R5f2 Nb5 28.Qxc5 Nxd6 29.Qxd6 Qd8
30.Qg3 Re8 31.Qg6 Be6 32.Bxb7 Ra5 33.Bc6 Rf8 34.e5 Rxe5 35.Bxa4 Qd4 36.Bc2 Bg8
37.b3 Rfe8 38.Qd3 Qa7 39.Bd1 Re3 40.Qd2 Bh7 41.Bf3 Bd3 42.Rc1 Ba6 43.h3 Rd3
44.Qc2 Qb8 45.Qc7 Qb4 46.Qg3 Re1+ 47.Rxe1 Qxe1+ 48.Kh2 Rc3 49.Rb2 Qe3 50.b4 Rc1
51.Qf2 Qe5+ 52.g3 Rf1 53.Qg2 Rxf3 54.b5 Rxg3 55.Qxg3 Qxb2+ 56.Kg1 Qb1+ 57.Kh2 Qxa2+
58.Kg1 Qb1+  0-1

[Event "TCh-BEL 2005-6"]
[Site "Belgium BEL"]
[Date "2005.11.20"]
[Round "4"]
[White "Saiboulatov,D"]
[Black "Wiersma,E"]
[Result "1-0"]
[WhiteElo "2393"]
[BlackElo "2431"]

1.e4 c5 2.Nf3 Nc6 3.Nc3 g6 4.d4 cxd4 5.Nxd4 Bg7 6.Nde2 Nf6 7.g3 O-O 8.Bg2 d6
9.O-O Rb8 10.a4 a6 11.Nd5 Nd7 12.f4 b5 13.axb5 axb5 14.g4 Nb6 15.h3 Nc4 16.c3 e6
17.Ne3 Qb6 18.Rf3 Bb7 19.b3 Nxe3 20.Bxe3 Qc7 21.f5 exf5 22.gxf5 Rfe8 23.Rf2 Qd8
24.Qc2 Nb4 25.Qb1 Nd5 26.Bd2 Nf6 27.Ng3 d5 28.e5 Rxe5 29.Bf4 Qe7 30.Qf1 Ne4
31.Nxe4 dxe4 32.fxg6 fxg6 33.Bxe5 Qxe5 34.Kh1 Qxc3 35.Rc1 Qxb3 36.Rc7 Bd5
37.Qc1 e3 38.Rc8+  1-0

[Event "WJun Girls"]
[Site "Instanbul TUR"]
[Date "2005.11.20"]
[Round "11"]
[White "Zdebskaja,N"]
[Black "Topel,Z"]
[Result "1-0"]
[WhiteElo "2390"]
[BlackElo "2105"]

1.e4 c5 2.Nc3 Nc6 3.Bb5 g6 4.Bxc6 dxc6 5.d3 Bg7 6.f4 Nf6 7.Nf3 Bg4 8.h3 Bxf3
9.Qxf3 Qc7 10.e5 Nd7 11.Ne4 h6 12.Qg4 O-O-O 13.e6 fxe6 14.Qxe6 Bf6 15.Be3 Kb8
16.O-O Nf8 17.Qc4 Bd4 18.Bxd4 cxd4 19.Rae1 Rd5 20.Nc5 Qd6 21.Re5 Nd7 22.Rxd5 cxd5
23.Nxd7+ Qxd7 24.Qxd4 Rc8 25.c3 Qb5 26.Rf2 Qa5 27.a3 Qc5 28.Qe5+ Ka8 29.d4 Qc6
30.Qxe7 Re8 31.Qf7 a6 32.Kh2 g5 33.fxg5 hxg5 34.Rf6 Qb5 35.a4 Qe2 36.Rb6 Re7
37.Qf3 Qe1 38.Qxd5 g4 39.Rxa6+  1-0

[Event "WJun Girls"]
[Site "Instanbul TUR"]
[Date "2005.11.20"]
[Round "11"]
[White "Gu Xiaobing"]
[Black "Harika,D"]
[Result "1/2-1/2"]
[WhiteElo "2330"]
[BlackElo "2392"]

1.e4 c5 2.Nf3 Nc6 3.Nc3 g6 4.Bb5 Bg7 5.Bxc6 dxc6 6.d3 Bg4 7.Be3 b6 8.Qd2 Bxf3
9.gxf3 Qc7 10.f4 Bd4 11.O-O-O O-O-O 12.Ne2 Nf6 13.f3 Rhe8 14.Kb1 e5 15.fxe5 Bxe3
16.Qxe3 Qxe5 17.c3 Qe7 18.d4 Nd5 19.Qh6 Nc7 20.dxc5 Qxc5 21.Qxh7 Qf2 22.Qh3+ Kb7
23.Nd4 c5 24.Rhf1 Rh8 25.Qxh8 Qxf1 26.Rxf1 Rxh8 27.Nc2 Rxh2 28.Ne3 Ne6 29.Nc4 Ng5
30.e5 Re2 31.f4 Ne4 32.Rd1 Kc7 33.Nd6 Nxd6 34.Rxd6 g5 35.Rf6 gxf4 36.Rxf4 Rxe5
37.Rxf7+ Kb8 38.Kc2 c4 39.Rf8+  1/2-1/2

[Event "Baden Challenge"]
[Site "Pforzheim GER"]
[Date "2005.11.20"]
[Round "5"]
[White "Huschenbeth,N"]
[Black "Dinger,F"]
[Result "1-0"]
[WhiteElo "2248"]
[BlackElo "2209"]

1.e4 c5 2.Nc3 Nc6 3.Nf3 g6 4.d4 cxd4 5.Nxd4 Bg7 6.Be3 Nf6 7.Bc4 O-O 8.Bb3 Ng4
9.Qxg4 Nxd4 10.Qh4 Nxb3 11.axb3 b6 12.Nd5 Bxb2 13.Bxb6 Qe8 14.Rxa7 Rxa7 15.Bxa7 Ba6
16.c4 Qa8 17.Bc5 Bxc4 18.bxc4 Qa1+ 19.Ke2 Qxh1 20.Nxe7+ Kh8 21.Nxg6+ fxg6
22.Bxf8 Qc1 23.Bh6 Qxc4+ 24.Kf3 Qf7+ 25.Qf4 Kg8 26.Qxf7+ Kxf7 27.Kg4 Bc3
28.Be3 Bf6 29.f4 Ke6 30.f5+ Kf7 31.Kf4 Bd8 32.Bd4 Bc7+ 33.Kf3 Bb8 34.h3 Bc7
35.Bc3 Bd6 36.g4 Bc7 37.Bd4 Bd6 38.Bb2 Bc7 39.Ba1 Bd6 40.Bc3 Bc7 41.e5 Bd8
42.Ke4 gxf5+ 43.gxf5 Be7 44.Kd5 Bf8 45.Bd4 Be7 46.Bc5 Bg5 47.Bd6 Be3 48.Kc4 h5
49.Kb5 Bd2 50.Kb6 Ke8 51.Kc7 Be1 52.Kc8 Bd2 53.f6 h4 54.f7+ Kxf7 55.Kxd7 Kg6
56.e6  1-0

[Event "WJun"]
[Site "Instanbul TUR"]
[Date "2005.11.21"]
[Round "12"]
[White "Livshits,G"]
[Black "Rau,H"]
[Result "1-0"]
[WhiteElo "2381"]
[BlackElo "2421"]

1.e4 c5 2.Nc3 Nc6 3.Nf3 d6 4.d4 cxd4 5.Nxd4 Nf6 6.g3 g6 7.Bg2 Nxd4 8.Qxd4 Bg7
9.O-O O-O 10.Qb4 Qc7 11.a4 a5 12.Qb3 Be6 13.Nd5 Nxd5 14.exd5 Bf5 15.c3 Rab8
16.Be3 b6 17.Rfe1 h6 18.Rad1 Kh7 19.Bd4 Rfe8 20.Bxg7 Kxg7 21.Bf1 Bd7 22.Re4 Qb7
23.Rde1 b5 24.axb5 Bxb5 25.c4 Ba6 26.Qc3+ Kg8 27.Qxa5 Qb6 28.Qa3 Qb7 29.b4 Ra8
30.Qc3 Qa7 31.Qd2 Kg7 32.Qe2 Kf8 33.Qd2 Kg7 34.Rh4 Rh8 35.Qb2+ f6 36.Rhe4 Rhe8
37.Qe2 e5 38.dxe6 d5 39.Rg4 h5 40.Rf4 g5 41.Rf5 Bxc4 42.Qb2 Rf8 43.e7  1-0

[Event "WJun Girls"]
[Site "Instanbul TUR"]
[Date "2005.11.21"]
[Round "12"]
[White "Levacic,M"]
[Black "Paridar,S"]
[Result "0-1"]
[WhiteElo "1993"]
[BlackElo "2237"]

1.e4 c5 2.Nc3 Nc6 3.Bb5 g6 4.Bxc6 dxc6 5.d3 e5 6.f4 Qc7 7.g3 Qe7 8.Nf3 exf4
9.Bxf4 Bg7 10.Qd2 Bg4 11.Qe3 O-O-O 12.h3 Be6 13.Ng5 Bd7 14.Nf3 h6 15.g4 Be6
16.Be5 f6 17.Bg3 b6 18.a4 a5 19.d4 f5 20.dxc5 fxg4 21.Bd6 Rxd6 22.cxd6 Qxd6
23.e5 Qc5 24.Qxc5 bxc5 25.hxg4 Bxg4 26.Nh4 Ne7 27.Ne4 Bxe5 28.Nf2 Bh5 29.Nd3 Bd6
30.b3 Bg4 31.Kd2 g5 32.Rhg1 h5 33.Ng2 Nf5 34.Nf2 Bf3 35.Ne3 Bf4 36.Rae1 Re8
37.Nd1 Bxd1 38.Kxd1 Nxe3+  0-1

[Event "55th ch-GRE"]
[Site "Kalamata GRE"]
[Date "2005.11.21"]
[Round "6"]
[White "Mastrovasilis,D"]
[Black "Souleidis,G"]
[Result "1-0"]
[WhiteElo "2570"]
[BlackElo "2421"]

1.e4 c5 2.Nf3 Nc6 3.Nc3 e5 4.Bc4 Be7 5.d3 d6 6.Nd2 Bg5 7.h4 Bh6 8.g4 Bf4
9.Nd5 h5 10.Nxf4 exf4 11.Nb3 Ne5 12.Bxf4 Bxg4 13.Qc1 Nf3+ 14.Kf1 Qd7 15.Qe3 Ne7
16.Nd2 Nd4 17.Bb3 d5 18.f3 Bh3+ 19.Kf2 Nxb3 20.axb3 d4 21.Qe1 Ng6 22.Bh2 O-O
23.Qg1 Qe7 24.Qg5 Qxg5 25.hxg5 Be6 26.Bd6 Rfd8 27.Bg3 h4 28.Bxh4 b5 29.Bg3 f6
30.f4 f5 31.Ra6 Kf7 32.Rha1 Rd7 33.Rc6 Ne7 34.Rxc5 Rc8 35.Rxc8 Nxc8 36.Nf3 Ke7
37.Ra6 fxe4 38.dxe4 d3 39.cxd3 Rxd3 40.f5 Bxb3 41.Be5 Kf8 42.Nd4 Bc4 43.Rg6 a5
44.Bxg7+ Kf7 45.Be5 Rd2+ 46.Ke3 Rxb2 47.Rg7+ Ke8 48.Rc7 Nb6 49.g6 Rg2 50.Nc6 a4
51.Re7+ Kf8 52.g7+  1-0

[Event "WJun Girls"]
[Site "Instanbul TUR"]
[Date "2005.11.22"]
[Round "13"]
[White "Meshcheriakova,E"]
[Black "Frank Nielsen,M"]
[Result "1-0"]
[WhiteElo "2197"]
[BlackElo "1919"]

1.e4 c5 2.Nf3 Nc6 3.Nc3 e5 4.Bc4 Be7 5.d3 Nf6 6.Nd2 d6 7.Nf1 O-O 8.Ne3 Be6
9.O-O a6 10.a3 b5 11.Bd5 Qd7 12.g3 Bh3 13.Re1 Rae8 14.Bd2 Nd4 15.b4 Nxd5
16.Ncxd5 f5 17.c3 Nc6 18.exf5 Bxf5 19.Nxf5 Qxf5 20.Qe2 Bd8 21.bxc5 dxc5 22.Be3 e4
23.Bxc5 Qxd5 24.Bxf8 Rxf8 25.Qxe4 Qxe4 26.Rxe4 Bf6  1-0

[Event "18th Belgrade Trophy"]
[Site "Obrenovac SCG"]
[Date "2005.11.22"]
[Round "1"]
[White "Filipovic,Mi"]
[Black "Stojanovic,Mari"]
[Result "0-1"]
[WhiteElo "2181"]
[BlackElo "2188"]

1.e4 c5 2.Nc3 Nc6 3.Bb5 d6 4.Nd5 e6 5.Bxc6+ bxc6 6.Nc3 e5 7.Nf3 Be7 8.h3 Nf6
9.d3 Qc7 10.Bg5 Be6 11.Na4 Qa5+ 12.c3 h6 13.Bxf6 Bxf6 14.b4 cxb4 15.cxb4 Qxb4+
16.Nd2 Bg5 17.Rb1 Bxd2+ 18.Kf1 Qa5 19.Qc2 O-O 20.Ke2 Bg5 21.g4 Rab8 22.Kf3 Rxb1
23.Rxb1 Qd2 24.Qxd2 Bxd2 25.Rb7 Ra8 26.a3 Kf8 27.Rc7 Bc1 28.Rxc6 Bxa3 29.Nc3 Rc8
30.Rxc8+ Bxc8 31.Nb5 Bc5 32.h4 a5 33.Nc3 Bd7 34.Ke2 Bxg4+  0-1

[Event "41st American Open"]
[Site "Los Angeles USA"]
[Date "2005.11.24"]
[Round "2"]
[White "Del Pilar,R"]
[Black "Khachiyan,M"]
[Result "1/2-1/2"]
[WhiteElo "2252"]
[BlackElo "2498"]

1.e4 c5 2.Nf3 Nc6 3.Nc3 g6 4.Bb5 Bg7 5.O-O e5 6.d3 Nge7 7.Bg5 O-O 8.Qd2 d6
9.h3 Be6 10.Bxc6 bxc6 11.Bh6 f5 12.Bxg7 Kxg7 13.Ng5 Bg8 14.f4 h6 15.Nf3 fxe4
16.dxe4 exf4 17.Rad1 d5 18.Na4 Kh7 19.Nxc5 dxe4 20.Nxe4 Qb6+ 21.Kh1 Bd5 22.Rfe1 Nf5
23.Qxf4 Qb8 24.Ne5 Ne7 25.Qg3 Rf5 26.Nf2 Qxb2 27.Neg4 Ng8 28.c4 Bxc4 29.Qc7+ Bf7
30.Rd7 Rf8 31.Ne4 Qb4 32.Re2 Qb5 33.Ng3 Kh8 34.Nxf5 Qxe2 35.Nfxh6 Nxh6 36.Nxh6 Qf1+
37.Kh2 Kg7 38.Qe5+ Kxh6 39.Rd4 g5 40.h4 Bg6 41.Qxg5+ Kh7 42.h5 Bf5 43.Rd6 Kh8
44.Rh6+  1/2-1/2

[Event "TCh-HUN 2005-6"]
[Site "Hungary HUN"]
[Date "2005.11.27"]
[Round "4"]
[White "Cao Sang"]
[Black "Kiss,Pa"]
[Result "1-0"]
[WhiteElo "2488"]
[BlackElo "2400"]

1.e4 c5 2.Nc3 Nc6 3.Nf3 g6 4.Bc4 Bg7 5.O-O d6 6.d3 Nf6 7.h3 O-O 8.a4 b6 9.Be3 Bb7
10.Qd2 e6 11.Bg5 Qd7 12.Rfe1 Rac8 13.Rad1 Ne8 14.Bh6 e5 15.Nh2 Kh8 16.Bxg7+ Nxg7
17.Nd5 f5 18.c3 Ne6 19.Nf3 Ne7 20.Nxe7 Qxe7 21.Bxe6 Qxe6 22.d4 cxd4 23.cxd4 Qf6
24.dxe5 dxe5 25.Qh6 g5 26.Qxf6+ Rxf6 27.Rd7 g4 28.Nxe5 Bxe4 29.hxg4 Re8 30.g5 Rfe6
31.Nf7+ Kg8 32.Nh6+ Kh8 33.Rxa7 f4 34.Rf7  1-0

[Event "National Chess Congress"]
[Site "Philadelphia USA"]
[Date "2005.11.27"]
[Round "5"]
[White "Schneider,Ig"]
[Black "Fedorowicz,J"]
[Result "1-0"]
[WhiteElo "2350"]
[BlackElo "2502"]

1.e4 c5 2.Nc3 Nc6 3.Nf3 d6 4.d4 cxd4 5.Nxd4 Nf6 6.Bc4 Qb6 7.Nde2 e6 8.O-O Be7
9.Bb3 a6 10.Bg5 Qc7 11.Ng3 Bd7 12.Qd2 h5 13.h3 h4 14.Nge2 b5 15.a3 Na5 16.Rad1 Rd8
17.Nd4 Nc4 18.Bxc4 Qxc4 19.Rfe1 Bc8 20.Nf3 Bb7 21.Qe3 Qc5 22.Bxh4 Qxe3 23.Rxe3 Ng4
24.hxg4 Bxh4 25.Nxh4 Rxh4 26.f3 Ke7 27.Red3 Rhh8 28.Rd4 Bc6 29.Kf2 Rd7 30.Ne2 Rb8
31.Rh1 e5 32.Rd2 a5 33.Nc3 b4 34.axb4 axb4 35.Nd1 d5 36.exd5 Rxd5 37.Rxd5 Bxd5
38.Ne3 Be6 39.Ra1 Rd8 40.Ke2 Kf6 41.Ra5 Rb8 42.Rc5 g6 43.Nd1 e4 44.Nf2 exf3+
45.gxf3 Ke7 46.g5 Bf5 47.Nd3 b3 48.c4 Be6 49.Kd2 Kd6 50.Kc3 Rh8 51.Ra5 Rh4
52.Ra6+ Ke7 53.Ne5 Rf4 54.Rb6 Rf5 55.Kd4 Rxg5 56.Rxb3 Rg1 57.Re3 Rb1 58.b4 Kd6
59.b5 Rc1 60.Ra3 Rd1+ 61.Nd3 Bf5 62.c5+ Kc7 63.Kc4 Be6+ 64.Kc3 Bf5 65.Nb4 Rc1+
66.Kd4 Be6 67.Ra7+ Kc8 68.Na6  1-0

[Event "ch-ROM"]
[Site "Baile Tusnad ROM"]
[Date "2005.11.29"]
[Round "4"]
[White "Marinescu,Mi"]
[Black "Bucur,O"]
[Result "0-1"]
[WhiteElo "2259"]
[BlackElo "2289"]

1.e4 c5 2.Nf3 Nc6 3.Nc3 Nf6 4.d4 cxd4 5.Nxd4 d6 6.Bc4 e6 7.Bb3 a6 8.Be3 Qc7
9.f3 Be7 10.Qd2 O-O 11.g4 Nxd4 12.Qxd4 Nd7 13.O-O-O b5 14.g5 Nc5 15.h4 f5
16.h5 Bb7 17.h6 Nxb3+ 18.axb3 e5 19.Qd3 g6 20.Nd5 Qd8 21.Bb6 Bxg5+ 22.Kb1 fxe4
23.fxe4 Qd7 24.Rdg1 Bf4 25.Ba5 Qf7 26.Nxf4 Qxf4 27.Rf1 Qxe4 28.Qxd6 Qd5 29.Qe7 Rf7
30.Qg5 Qg2 31.Qxe5 Rxf1+ 32.Ka2 Kf7 33.Rxf1+ Qxf1 34.Qg7+ Ke6 35.Qxb7 Re8
36.Qxh7 Qf7 37.Qxf7+ Kxf7 38.Bc3 Kg8 39.Bd4 g5 40.c4 bxc4 41.bxc4 Re4 42.Bf6 g4
43.b3 g3 44.Bd8 Re6 45.h7+ Kxh7 46.Bc7 g2 47.Bh2 Re1 48.c5 Rh1  0-1

[Event "2nd Bundesliga West 2005-6"]
[Site "Austria AUT"]
[Date "2005.12.02"]
[Round "3"]
[White "Maiwald,JU"]
[Black "Doskocil,K"]
[Result "1-0"]
[WhiteElo "2502"]
[BlackElo "2196"]

1.e4 c5 2.Nc3 Nc6 3.Bb5 Nd4 4.Bc4 e6 5.Nf3 d6 6.Nxd4 cxd4 7.Ne2 e5 8.c3 dxc3
9.Nxc3 Nf6 10.Qb3 Qe7 11.d3 Be6 12.Bg5 Qd7 13.Bxf6 gxf6 14.O-O Bg7 15.Bb5 Bxb3
16.axb3 Kd8 17.Bxd7 Kxd7 18.f4 Rhf8 19.Nd5 f5 20.exf5 exf4 21.f6 Bh6 22.Rae1 Rfe8
23.Re7+ Kc6 24.Nc7 Rxe7 25.Rc1+ Kd7 26.fxe7 f3 27.Rc2 Be3+ 28.Kf1 Rc8 29.e8=Q+ Rxe8
30.Nxe8 Kxe8 31.gxf3 Kd7 32.Rc4 b5 33.Rh4 h6 34.Ke2 Bc1 35.Kd1 Bg5 36.Rh5 a6
37.h4 Be3 38.Ke2 Bc1 39.f4 Bxf4 40.Rf5 Bg3 41.Rxf7+ Ke6 42.Rh7 Bxh4 43.Rxh6+ Bf6
44.Ke3 a5 45.Kf4 a4 46.b4 d5 47.Rg6 Kf7 48.Rxf6+ Kxf6 49.d4 Ke6 50.Kg5  1-0

[Event "2nd Bundesliga West 2005-6"]
[Site "Austria AUT"]
[Date "2005.12.02"]
[Round "3"]
[White "Wegerle,J"]
[Black "Bensch,P"]
[Result "1-0"]
[WhiteElo "2417"]
[BlackElo "2293"]

1.e4 c5 2.Nf3 Nc6 3.Nc3 g6 4.d4 cxd4 5.Nxd4 Bg7 6.Nb3 Nf6 7.Be2 O-O 8.O-O d6
9.Re1 Be6 10.Bf4 d5 11.Nc5 Nxe4 12.N3xe4 dxe4 13.Qxd8 Nxd8 14.c3 Bd5 15.Bb5 Ne6
16.Nxe6 fxe6 17.Be3 a6 18.Bf1 Rfc8 19.a4 Kf7 20.Bb6 h5 21.g3 h4 22.g4 Bf6
23.a5 Rc6 24.Rac1 Rac8 25.h3 Kg7 26.Ra1 Kf7 27.Re2 Kg7 28.Bg2 Rc4 29.Rae1 R8c6
30.Bxe4 Bxe4 31.Rxe4 Rxe4 32.Rxe4 Kf7 33.Rb4 g5 34.Kf1 Be5 35.Be3 Kf6 36.Rxb7 Bc7
37.Bb6 Bd6 38.Ke2 Bf4 39.Bd8 Bd6 40.Rb6  1-0

[Event "IX Mirko Srajber mem"]
[Site "Subotica SCG"]
[Date "2005.12.02"]
[Round "2"]
[White "Nadj Hedjesi,B"]
[Black "Cebalo,M"]
[Result "1/2-1/2"]
[WhiteElo "2378"]
[BlackElo "2512"]

1.e4 c5 2.Nc3 Nc6 3.Bb5 Nd4 4.Bc4 e6 5.Nf3 Nf6 6.O-O a6 7.Re1 b5 8.Bf1 d6
9.d3 Be7 10.Nxd4 cxd4 11.Ne2 e5 12.f4 Bg4 13.h3 Bxe2 14.Bxe2 Rc8 15.Bd2 Qb6
16.Kh2 O-O 17.Rf1 Rc6 18.c3 dxc3 19.Bxc3 Qc7 20.Qd2 Nd7 21.Bd1 Nc5 22.Bb3 Nxb3
23.axb3 Bf6 24.Rfc1 Rc8 25.Ba5 Qd7 26.Rxc6 Rxc6 27.Bc3 Qe6 28.f5 Qd7 29.Rc1 h6
30.Qe1 d5 31.Bd2 Rxc1 32.Bxc1 Qc6 33.Qc3 Qb7 34.Qc2 dxe4 35.dxe4 Kh7 36.Be3 g6
37.fxg6+ Kxg6 38.Kg3 h5 39.Kf3  1/2-1/2

[Event "2nd Bundesliga West 2005-6"]
[Site "Austria AUT"]
[Date "2005.12.03"]
[Round "4"]
[White "Drabke,L"]
[Black "Novkovic,J"]
[Result "0-1"]
[WhiteElo "2405"]
[BlackElo "2145"]

1.e4 c5 2.Nc3 Nc6 3.Nf3 g6 4.Bb5 Nd4 5.Bc4 Bg7 6.Nxd4 cxd4 7.Qf3 e6 8.Nb5 d6
9.Qd3 e5 10.Qb3 Nh6 11.d3 a6 12.Bxh6 Bxh6 13.Bxf7+ Kf8 14.Na3 Qg5 15.O-O Bh3
16.g3 Qf6 17.f4 Qxf7 18.fxe5 Be3+  0-1

[Event "IX Mirko Srajber mem"]
[Site "Subotica SCG"]
[Date "2005.12.10"]
[Round "11"]
[White "Nadj Hedjesi,B"]
[Black "Pap,M"]
[Result "0-1"]
[WhiteElo "2378"]
[BlackElo "2399"]

1.e4 c5 2.Nc3 Nc6 3.Bb5 Nd4 4.Bc4 e6 5.Nf3 Nf6 6.O-O a6 7.Re1 b5 8.Bf1 Bb7
9.d3 Qc7 10.Nxd4 cxd4 11.Ne2 Bd6 12.f4 Bc5 13.Ng3 h5 14.e5 h4 15.Nf5 O-O-O
16.exf6 exf5 17.h3 gxf6 18.c3 dxc3+ 19.d4 c2 20.Qd3 Be4 21.Qc3 Bb6 22.Be3 Qxc3
23.bxc3 Kb8 24.a4 Rc8 25.d5 Bxe3+ 26.Rxe3 b4 27.a5 Bxd5 28.Rc1 Be4 29.cxb4 Ka7
30.Kf2 d5 31.Bd3 d4 32.Rxe4 fxe4 33.Bxe4 Rc3 34.Rxc2 Rxc2+ 35.Bxc2 Rb8 36.g3 Rxb4  0-1

[Event "12th Open"]
[Site "Zadar CRO"]
[Date "2005.12.13"]
[Round "2"]
[White "Brkic,A"]
[Black "Kosanski,S"]
[Result "1/2-1/2"]
[WhiteElo "2500"]
[BlackElo "2376"]

1.e4 c5 2.Nf3 Nc6 3.Nc3 e5 4.Bc4 Be7 5.d3 Nf6 6.Nd2 O-O 7.Nf1 d6 8.Ne3 a6
9.a3 b5 10.Ba2 Be6 11.O-O Bxa2 12.Rxa2 g6 13.Ra1 Nd4 14.Bd2 Ne6 15.g3 Nc7
16.Qf3 Qd7 17.Qg2 b4 18.axb4 cxb4 19.Na4 Rab8 20.f4 exf4 21.gxf4 Kh8 22.Kh1 d5
23.e5 Nh5 24.f5 d4 25.Ng4 Rfe8 26.b3 Bf8 27.Rae1 gxf5 28.Nh6 Bxh6 29.Bxh6 Rg8
30.Qf3 Rg6 31.Qxh5 Qd5+ 32.Rf3 Rxh6 33.Qxf5 Ne6 34.Rg1 Rg6 35.Rxg6 fxg6 36.Qf6+ Kg8
37.Qf7+ Kh8 38.Qf6+ Kg8  1/2-1/2

[Event "13th Salona"]
[Site "Solin CRO"]
[Date "2005.12.17"]
[Round "10"]
[White "Kovalevskaya,E"]
[Black "Jankovic,A"]
[Result "1/2-1/2"]
[WhiteElo "2457"]
[BlackElo "2446"]

1.e4 c5 2.Nf3 Nc6 3.Nc3 d6 4.d4 cxd4 5.Nxd4 Nf6 6.Bc4 Bd7 7.O-O g6 8.Nde2 Bg7
9.a4 O-O 10.Ba2 a6 11.Bf4 b5 12.Ng3 bxa4 13.Nxa4 Na5 14.Nc3 Rb8 15.e5 dxe5
16.Bxe5 Rxb2 17.Nd5 Rb5 18.c4 Rb7 19.Nxf6+ exf6 20.Bc3 f5 21.Qd2 Bxc3 22.Qxc3 Qc7
23.c5 Rb5 24.Rac1 Nb7 25.Qf6 Qc6 26.Qe7 Nxc5 27.Bc4 Ra5 28.Rfd1 Be6 29.Nh5 Bxc4
30.Rd6 Qc8 31.Qf6 gxh5 32.Qg5+ Kh8 33.Qf6+  1/2-1/2

[Event "5th Amplico AIG Life"]
[Site "Warsaw POL"]
[Date "2005.12.17"]
[Round "1"]
[White "Romanov,E"]
[Black "Hagner,P"]
[Result "1-0"]
[WhiteElo "2479"]
[BlackElo "1951"]

1.e4 c5 2.Nf3 Nc6 3.Nc3 d6 4.d4 cxd4 5.Nxd4 g6 6.Be2 Bg7 7.Nb3 Bd7 8.O-O Qc7
9.Nd5 Qb8 10.c3 e6 11.Ne3 Nge7 12.Nc4 d5 13.exd5 Nxd5 14.Nc5 Qc7 15.Ne3 Nxe3
16.Bxe3 Rd8 17.Bg5 f6 18.Bh4 O-O 19.Nxd7 Qxd7 20.Bc4 Rfe8 21.Qxd7 Rxd7 22.Rad1 Rxd1
23.Rxd1 Kf7 24.f3 Bh6 25.Bf2 a6 26.a4 Rd8 27.Rxd8 Nxd8 28.Be1 Nc6 29.Kf1 Ke7
30.Ke2 Kd6 31.b4 Ne5 32.Bb3 g5 33.a5 Ng6 34.g3 f5 35.c4 e5 36.c5+ Kc6 37.Bg8 Nf8
38.Kd3 f4 39.Ke4 Bg7 40.Bd5+ Kc7 41.Kf5 h6 42.Bc3 Nd7 43.Kg6 Bf8 44.Kf7 Bxc5
45.bxc5 Nxc5 46.Bxe5+ Kd7 47.gxf4 gxf4 48.Bxf4  1-0

[Event "5th Amplico AIG Life"]
[Site "Warsaw POL"]
[Date "2005.12.17"]
[Round "3"]
[White "Manik,M"]
[Black "Majdan,J"]
[Result "1/2-1/2"]
[WhiteElo "2474"]
[BlackElo "2232"]

1.e4 c5 2.Nf3 Nc6 3.Nc3 Nf6 4.Bb5 Qc7 5.O-O Nd4 6.Nxd4 cxd4 7.Nd5 Nxd5 8.exd5 Qc5
9.c4 dxc3 10.Qe2 a6 11.Ba4 Qd4 12.b4 c2 13.Ba3 a5 14.Qb5 axb4 15.Bxb4 e6
16.Bxf8 Qxa4 17.Qxa4 Rxa4 18.Bxg7 Rg8 19.Bb2 b6 20.Rfc1 Rc4 21.Bc3 exd5 22.Rxc2 d4
23.Re1+ Kf8 24.Bb4+ Rxb4 25.Rxc8+ Kg7 26.Rc7 Re8 27.Kf1 Ra8 28.Rxd7 Rxa2
29.Ree7 Rxd2 30.Rxf7+ Kg6 31.g4 d3 32.h3 Rd1+ 33.Kg2 d2 34.f4 Rbb1 35.Kg3 Rg1+
36.Kh4 Rxg4+ 37.hxg4 Rh1+ 38.Kg3 Rg1+ 39.Kf3 d1=Q+ 40.Rxd1 Rxd1 41.Rb7 Rd6
42.f5+ Kh6 43.Kf4 Rd4+ 44.Kg3 Kg5 45.Rg7+ Kh6 46.Rg8 Rd1 47.Kf4 Rf1+ 48.Ke5 b5
49.f6 b4 50.g5+ Kh5 51.Rg7 b3 52.Rxh7+ Kxg5 53.Rg7+ Kh6 54.Rg2 b2 55.Rxb2 Kg6
56.Rg2+ Kf7 57.Rg7+ Kf8 58.Ra7  1/2-1/2